<?xml version="1.0" encoding="UTF-8"?>
<collection xmlns="http://www.loc.gov/MARC21/slim">
 <record>
  <leader>01510nam a2200265   4500</leader>
  <controlfield tag="001">1/21234</controlfield>
  <controlfield tag="008">001123suuuu    gr       d    00010 gre d</controlfield>
  <datafield tag="020" ind1=" " ind2=" ">
   <subfield code="a">9607695054</subfield>
  </datafield>
  <datafield tag="035" ind1=" " ind2=" ">
   <subfield code="l">21856</subfield>
  </datafield>
  <datafield tag="040" ind1=" " ind2=" ">
   <subfield code="a">GR-PeUP</subfield>
  </datafield>
  <datafield tag="082" ind1="0" ind2="0">
   <subfield code="a">332.1'03 LE</subfield>
  </datafield>
  <datafield tag="090" ind1=" " ind2=" ">
   <subfield code="a">R 332.1'03 LE</subfield>
  </datafield>
  <datafield tag="245" ind1="0" ind2="0">
   <subfield code="a">Lexicon of money banking and finance, English Greek :</subfield>
   <subfield code="b">χρηματαγορά-κεφαλαιαγορά(stocks, bonds, commercial papers, eurobonds, money market funds) παράγωγα χρηματοοικονομικά προϊοντα(futures, options, swaps forward contracs, Fra's repos), τραπεζική και ασφαλιστική αγορά, αμοιβαία κεφάλαια, στατιστική</subfield>
  </datafield>
  <datafield tag="260" ind1=" " ind2=" ">
   <subfield code="a">Αθήναι:</subfield>
   <subfield code="b">Σταφυλίδη</subfield>
  </datafield>
  <datafield tag="300" ind1=" " ind2=" ">
   <subfield code="a">xx, 659 σ.;</subfield>
   <subfield code="c">22 εκ.</subfield>
  </datafield>
  <datafield tag="650" ind1=" " ind2="4">
   <subfield code="a">Χρηματαγορά</subfield>
   <subfield code="x">Λεξικά.</subfield>
  </datafield>
  <datafield tag="650" ind1=" " ind2="4">
   <subfield code="a">Στατιστική</subfield>
   <subfield code="x">Λεξικά.</subfield>
  </datafield>
  <datafield tag="650" ind1=" " ind2="4">
   <subfield code="a">Παράγωγα</subfield>
   <subfield code="x">Λεξικά.</subfield>
  </datafield>
  <datafield tag="650" ind1=" " ind2="4">
   <subfield code="a">Τραπεζική οικονομική</subfield>
   <subfield code="x">Λεξικά.</subfield>
  </datafield>
  <datafield tag="650" ind1=" " ind2="4">
   <subfield code="a">Αμοιβαία κεφάλαια</subfield>
   <subfield code="x">Λεξικά.</subfield>
  </datafield>
  <datafield tag="700" ind1="1" ind2=" ">
   <subfield code="a">Σταφυλίδης, Ανδρέας Δ,</subfield>
   <subfield code="e">επιμ.</subfield>
  </datafield>
  <datafield tag="700" ind1="1" ind2=" ">
   <subfield code="a">Σταφυλίδης, Δημήτρης Α,</subfield>
   <subfield code="e">επιμ.</subfield>
  </datafield>
  <datafield tag="852" ind1=" " ind2=" ">
   <subfield code="a">INST</subfield>
   <subfield code="b">UNIPILB</subfield>
   <subfield code="c">REF</subfield>
   <subfield code="e">20040709</subfield>
   <subfield code="h">332.1'03 LE</subfield>
   <subfield code="p">00134908</subfield>
   <subfield code="q">00134908</subfield>
   <subfield code="t">NOLOAN</subfield>
   <subfield code="y">23</subfield>
   <subfield code="4">1</subfield>
  </datafield>
  <datafield tag="852" ind1=" " ind2=" ">
   <subfield code="a">INST</subfield>
   <subfield code="b">UNIPILB</subfield>
   <subfield code="c">REF</subfield>
   <subfield code="e">20040709</subfield>
   <subfield code="h">332.1'03 LE</subfield>
   <subfield code="p">00134909</subfield>
   <subfield code="q">00134909</subfield>
   <subfield code="t">NOLOAN</subfield>
   <subfield code="y">23</subfield>
   <subfield code="4">2</subfield>
  </datafield>
  <datafield tag="852" ind1=" " ind2=" ">
   <subfield code="a">INST</subfield>
   <subfield code="b">UNIPILB</subfield>
   <subfield code="c">REF</subfield>
   <subfield code="e">20040709</subfield>
   <subfield code="h">332.1'03 LE</subfield>
   <subfield code="p">00134910</subfield>
   <subfield code="q">00134910</subfield>
   <subfield code="t">NOLOAN</subfield>
   <subfield code="y">23</subfield>
   <subfield code="4">3</subfield>
  </datafield>
 </record>
</collection>
